000 00402nam a2200181Ia 4500
005 20240823035325.0
008 240823s9999||||xx |||||||||||||| ||und||
020 _a978-93-80143-39-2
041 _aENGLISH
082 _A823.7 P9
100 _aSir Walter Scott
245 0 _aRob Roy
250 _a1st
260 _c2009
_bHhachette
500 _aYES
650 _aNovel
_bEnglish
942 _cBK
999 _c200413
_d200413